[Event "Storsjodraget 2022"]
[Site "Ostersund"]
[Date "2022.06.12"]
[Round "6"]
[Board "8"]
[White "Sundin, Emanuel"]
[Black "Olofsson, Henrik"]
[Result "1-0"]
[WhiteElo "2138"]
[BlackElo "1965"]
[PlyCount "0"]
[EventDate "2022.06.10"]
[EventRounds "7"]
[EventCountry "SWE"]

1. e4 {[%clk 01:28:43]} {[%emt 00:02:16]} e5 {[%clk 01:30:51]} {[%emt
00:00:09]} 2. Nf3 {[%clk 01:28:41]} {[%emt 00:00:32]} Nc6 {[%clk 01:31:15]}
{[%emt 00:00:06]} 3. Bc4 {[%clk 01:28:20]} {[%emt 00:00:52]} Nf6 {[%clk
01:31:34]} {[%emt 00:00:10]} 4. Ng5 {[%clk 01:23:21]} {[%emt 00:05:29]} d5
{[%clk 01:31:52]} {[%emt 00:00:12]} 5. exd5 {[%clk 01:23:45]} {[%emt 00:00:06]}
Na5 {[%clk 01:32:17]} {[%emt 00:00:05]} 6. Bb5+ {[%clk 01:24:08]} {[%emt
00:00:07]} c6 {[%clk 01:32:42]} {[%emt 00:00:06]} 7. dxc6 {[%clk 01:24:31]}
{[%emt 00:00:07]} bxc6 {[%clk 01:33:07]} {[%emt 00:00:05]} 8. Qf3 {[%clk
01:24:03]} {[%emt 00:00:58]} Be7 {[%clk 01:33:29]} {[%emt 00:00:07]} 9. O-O
{[%clk 01:21:17]} {[%emt 00:03:16]} O-O {[%clk 01:31:54]} {[%emt 00:02:06]} 10.
Bd3 {[%clk 01:16:54]} {[%emt 00:04:53]} h6 {[%clk 01:30:17]} {[%emt 00:02:07]}
11. Ne4 {[%clk 01:16:37]} {[%emt 00:00:47]} Nd5 {[%clk 01:28:54]} {[%emt
00:01:53]} 12. Ng3 {[%clk 01:15:28]} {[%emt 00:01:38]} Qc7 {[%clk 01:21:17]}
{[%emt 00:08:06]} 13. Nf5 {[%clk 01:10:56]} {[%emt 00:05:03]} Bxf5 {[%clk
01:16:44]} {[%emt 00:05:03]} 14. Bxf5 {[%clk 01:01:12]} {[%emt 00:10:15]} Nb7
{[%clk 01:11:09]} {[%emt 00:06:05]} 15. c4 {[%clk 00:56:48]} {[%emt 00:04:54]}
Nf6 {[%clk 01:07:58]} {[%emt 00:03:41]} 16. b3 {[%clk 00:54:01]} {[%emt
00:03:16]} Nc5 {[%clk 01:05:34]} {[%emt 00:02:54]} 17. Nc3 {[%clk 00:53:18]}
{[%emt 00:01:13]} Rad8 {[%clk 01:05:19]} {[%emt 00:00:45]} 18. b4 {[%clk
00:47:49]} {[%emt 00:06:00]} e4 {[%clk 01:01:50]} {[%emt 00:03:59]} 19. Qe3
{[%clk 00:35:54]} {[%emt 00:12:24]} Qe5 {[%clk 00:54:32]} {[%emt 00:07:47]} 20.
bxc5 {[%clk 00:33:18]} {[%emt 00:03:07]} Qxf5 {[%clk 00:54:54]} {[%emt
00:00:08]} 21. d4 {[%clk 00:31:06]} {[%emt 00:02:43]} Ng4 {[%clk 00:52:42]}
{[%emt 00:02:41]} 22. Qe2 {[%clk 00:29:56]} {[%emt 00:01:40]} Rxd4 {[%clk
00:51:04]} {[%emt 00:02:07]} 23. f3 {[%clk 00:30:15]} {[%emt 00:00:12]} Bxc5
{[%clk 00:51:01]} {[%emt 00:00:33]} 24. fxg4 {[%clk 00:21:39]} {[%emt
00:09:06]} Rd2+ {[%clk 00:48:30]} {[%emt 00:03:01]} 25. Kh1 {[%clk 00:21:13]}
{[%emt 00:00:56]} Rxe2 {[%clk 00:48:52]} {[%emt 00:00:08]} 26. gxf5 {[%emt
00:00:59]}  1-0

[Event "Storsjodraget 2022"]
[Site "Ostersund"]
[Date "2022.06.12"]
[Round "7"]
[Board "12"]
[White "Unander, Matts"]
[Black "Romundstad, Lars"]
[Result "1-0"]
[WhiteElo "2003"]
[BlackElo "1639"]
[PlyCount "0"]
[EventDate "2022.06.10"]
[EventRounds "7"]
[EventCountry "SWE"]

1. e4 {[%clk 01:30:53]} {[%emt 00:00:04]} c6 {[%clk 01:30:39]} {[%emt
00:00:21]} 2. d3 {[%clk 01:30:38]} {[%emt 00:00:46]} d5 {[%clk 01:31:00]}
{[%emt 00:00:10]} 3. Nd2 {[%clk 01:30:59]} {[%emt 00:00:09]} dxe4 {[%clk
01:30:40]} {[%emt 00:00:48]} 4. dxe4 {[%clk 01:31:22]} {[%emt 00:00:09]} e5
{[%clk 01:30:49]} {[%emt 00:00:21]} 5. Bc4 {[%clk 01:31:20]} {[%emt 00:00:32]}
Nf6 {[%clk 01:27:24]} {[%emt 00:03:55]} 6. Ngf3 {[%clk 01:31:20]} {[%emt
00:00:29]} Qc7 {[%clk 01:27:34]} {[%emt 00:00:20]} 7. Ng5 {[%clk 01:30:47]}
{[%emt 00:01:03]} Bc5 {[%clk 01:26:17]} {[%emt 00:01:47]} 8. Bxf7+ {[%clk
01:28:35]} {[%emt 00:02:42]} Ke7 {[%clk 01:26:35]} {[%emt 00:00:11]} 9. Bb3
{[%clk 01:28:25]} {[%emt 00:00:42]} Ng4 {[%clk 01:13:57]} {[%emt 00:13:08]} 10.
O-O {[%clk 01:27:32]} {[%emt 00:01:23]} Rf8 {[%clk 01:11:18]} {[%emt 00:03:07]}
11. Nh3 {[%clk 01:22:25]} {[%emt 00:05:38]} a5 {[%clk 01:10:03]} {[%emt
00:01:45]} 12. Nf3 {[%clk 01:21:31]} {[%emt 00:01:24]} h6 {[%clk 01:09:43]}
{[%emt 00:00:50]} 13. Qe2 {[%clk 01:20:30]} {[%emt 00:01:31]} b5 {[%clk
01:09:34]} {[%emt 00:00:40]} 14. a4 {[%clk 01:20:40]} {[%emt 00:00:17]} Qb6
{[%clk 01:09:20]} {[%emt 00:00:46]} 15. Ne1 {[%clk 01:18:07]} {[%emt 00:03:03]}
Na6 {[%clk 01:03:49]} {[%emt 00:06:01]} 16. Nd3 {[%clk 01:17:44]} {[%emt
00:00:53]} bxa4 {[%clk 00:59:00]} {[%emt 00:05:19]} 17. Rxa4 {[%clk 01:16:13]}
{[%emt 00:02:01]} Bd7 {[%clk 00:56:14]} {[%emt 00:03:16]} 18. Kh1 {[%clk
01:03:05]} {[%emt 00:13:37]} Rf6 {[%clk 00:53:50]} {[%emt 00:02:55]} 19. f3
{[%clk 00:59:07]} {[%emt 00:04:29]} Raf8 {[%clk 00:53:46]} {[%emt 00:00:33]} 20.
Bd2 {[%clk 00:55:53]} {[%emt 00:03:44]} Bb4 {[%clk 00:49:14]} {[%emt 00:05:03]}
21. Nxb4 {[%clk 00:53:09]} {[%emt 00:03:13]} Nxb4 {[%clk 00:49:21]} {[%emt
00:00:22]} 22. Raa1 {[%clk 00:48:45]} {[%emt 00:04:55]} Qd4 {[%clk 00:44:57]}
{[%emt 00:04:55]} 23. Rfd1 {[%clk 00:44:31]} {[%emt 00:04:43]} Qb6 {[%clk
00:42:33]} {[%emt 00:02:54]} 24. fxg4 {[%clk 00:44:16]} {[%emt 00:00:45]} h5
{[%clk 00:37:01]} {[%emt 00:06:02]} 25. Be3 {[%clk 00:42:11]} {[%emt 00:02:34]}
c5 {[%clk 00:35:48]} {[%emt 00:01:44]} 26. g5 {[%clk 00:38:38]} {[%emt
00:04:03]} Rf4 {[%clk 00:34:59]} {[%emt 00:01:20]} 27. Qc4 {[%clk 00:35:08]}
{[%emt 00:03:58]} Na6 {[%clk 00:34:37]} {[%emt 00:00:53]} 28. Qd5 {[%clk
00:33:33]} {[%emt 00:02:06]} Qc7 {[%clk 00:33:14]} {[%emt 00:01:53]} 29. Nxf4
{[%clk 00:32:17]} {[%emt 00:01:45]} exf4 {[%clk 00:33:30]} {[%emt 00:00:13]} 30.
Bf2 {[%clk 00:29:20]} {[%emt 00:03:27]} Bg4 {[%clk 00:32:42]} {[%emt 00:01:19]}
31. Rd3 {[%clk 00:26:35]} {[%emt 00:03:15]} f3 {[%clk 00:31:20]} {[%emt
00:01:53]} 32. Bg3 {[%clk 00:26:23]} {[%emt 00:00:41]} fxg2+ {[%clk 00:31:38]}
{[%emt 00:00:11]} 33. Kxg2 {[%clk 00:26:41]} {[%emt 00:00:13]} Qc8 {[%clk
00:27:37]} {[%emt 00:04:30]} 34. Bd6+ {[%clk 00:26:04]} {[%emt 00:01:07]} Ke8
{[%clk 00:27:42]} {[%emt 00:00:27]} 35. Ba4+ {[%clk 00:26:05]} {[%emt
00:00:28]}  1-0

[Event "Storsjodraget 2022"]
[Site "Ostersund"]
[Date "2022.06.12"]
[Round "6"]
[Board "9"]
[White "Madebrink, Lars"]
[Black "Romundstad, Lars"]
[Result "1-0"]
[WhiteElo "2109"]
[BlackElo "1639"]
[PlyCount "0"]
[EventDate "2022.06.10"]
[EventRounds "7"]
[EventCountry "SWE"]

1. d4 {[%clk 01:30:53]} {[%emt 00:00:07]} d5 {[%clk 01:30:48]} {[%emt
00:00:13]} 2. Nf3 {[%clk 01:31:13]} {[%emt 00:00:10]} Nf6 {[%clk 01:31:06]}
{[%emt 00:00:13]} 3. c4 {[%clk 01:31:37]} {[%emt 00:00:05]} e6 {[%clk
01:31:16]} {[%emt 00:00:20]} 4. g3 {[%clk 01:31:52]} {[%emt 00:00:15]} Nbd7
{[%clk 01:31:26]} {[%emt 00:00:20]} 5. Bg2 {[%clk 01:31:31]} {[%emt 00:00:50]}
c6 {[%clk 01:30:49]} {[%emt 00:01:08]} 6. Qc2 {[%clk 01:31:02]} {[%emt
00:00:58]} a5 {[%clk 01:29:30]} {[%emt 00:01:49]} 7. O-O {[%clk 01:31:09]}
{[%emt 00:00:23]} Ne4 {[%clk 01:29:13]} {[%emt 00:00:48]} 8. Nbd2 {[%clk
01:29:01]} {[%emt 00:02:38]} f5 {[%clk 01:29:28]} {[%emt 00:00:15]} 9. Nxe4
{[%clk 01:23:53]} {[%emt 00:05:37]} fxe4 {[%clk 01:29:35]} {[%emt 00:00:24]} 10.
Ng5 {[%clk 01:24:06]} {[%emt 00:00:16]} Nf6 {[%clk 01:29:31]} {[%emt 00:00:33]}
11. f3 {[%clk 01:23:22]} {[%emt 00:01:16]} h6 {[%clk 01:21:53]} {[%emt
00:08:08]} 12. Nh3 {[%clk 01:18:53]} {[%emt 00:04:59]} Be7 {[%clk 01:21:05]}
{[%emt 00:01:18]} 13. fxe4 {[%clk 01:17:20]} {[%emt 00:02:02]} dxe4 {[%clk
01:20:27]} {[%emt 00:01:07]} 14. e3 {[%clk 01:16:53]} {[%emt 00:00:58]} e5
{[%clk 01:17:37]} {[%emt 00:03:21]} 15. dxe5 {[%clk 01:16:04]} {[%emt
00:01:19]} Bxh3 {[%clk 01:17:11]} {[%emt 00:00:55]} 16. exf6 {[%clk 01:14:34]}
{[%emt 00:02:00]} Bxg2 {[%clk 01:16:43]} {[%emt 00:00:58]} 17. fxe7 {[%clk
01:14:56]} {[%emt 00:00:08]} Qd3 {[%clk 01:15:44]} {[%emt 00:01:30]} 18. Qxd3
{[%clk 01:13:49]} {[%emt 00:01:37]} exd3 {[%clk 01:16:00]} {[%emt 00:00:13]} 19.
Kxg2 {[%clk 01:13:28]} {[%emt 00:00:52]} Kxe7 {[%clk 01:16:17]} {[%emt
00:00:12]} 20. Bd2 {[%clk 01:13:46]} {[%emt 00:00:13]} b5 {[%clk 01:16:31]}
{[%emt 00:00:16]} 21. cxb5 {[%clk 01:13:25]} {[%emt 00:00:52]} cxb5 {[%clk
01:16:49]} {[%emt 00:00:11]} 22. Rac1 {[%clk 01:13:44]} {[%emt 00:00:10]} Rhc8
{[%clk 01:17:05]} {[%emt 00:00:15]} 23. Rxc8 {[%clk 01:13:38]} {[%emt
00:00:36]} Rxc8 {[%clk 01:17:30]} {[%emt 00:00:05]} 24. Rc1 {[%clk 01:13:58]}
{[%emt 00:00:10]} Rc2 {[%clk 01:17:39]} {[%emt 00:00:20]} 25. Rxc2 {[%clk
01:14:20]} {[%emt 00:00:09]} dxc2 {[%clk 01:18:00]} {[%emt 00:00:08]} 26. Kf3
{[%clk 01:14:45]} {[%emt 00:00:06]} Ke6 {[%clk 01:18:19]} {[%emt 00:00:11]} 27.
Ke4 {[%clk 01:15:08]} {[%emt 00:00:07]}  1-0

[Event "Storsjodraget 2022"]
[Site "Ostersund"]
[Date "2022.06.12"]
[Round "6"]
[Board "10"]
[White "Gillefalk, Bjorn"]
[Black "Hagevi, Vidar"]
[Result "0-1"]
[WhiteElo "2061"]
[BlackElo "1853"]
[PlyCount "0"]
[EventDate "2022.06.10"]
[EventRounds "7"]
[EventCountry "SWE"]

1. Nf3 {[%clk 01:19:14]} Nf6 {[%clk 01:20:08]} 2. g3 {[%clk 01:19:14]} d5
{[%clk 01:20:08]} 3. Bg2 {[%clk 01:19:14]} Bf5 {[%clk 01:20:08]} 4. O-O {[%clk
01:19:14]} e6 {[%clk 01:20:08]} 5. c4 {[%clk 01:19:14]} c6 {[%clk 01:20:08]} 6.
b3 {[%clk 01:19:14]} Nbd7 {[%clk 01:20:08]} 7. Bb2 {[%clk 01:19:14]} Be7 {[%clk
01:20:08]} 8. d3 {[%clk 01:19:14]} h6 {[%clk 01:20:08]} 9. Nbd2 {[%clk
01:19:14]} O-O {[%clk 01:20:08]} 10. h3 {[%clk 01:19:14]} a5 {[%clk 01:20:08]}
11. a3 {[%clk 01:19:14]} Re8 {[%clk 01:20:08]} 12. Ra2 {[%clk 01:19:14]} Bf8
{[%clk 01:20:08]} 13. Ba1 {[%clk 01:19:14]} Qe7 {[%clk 01:20:08]} 14. Re1
{[%clk 01:19:14]} Bh7 {[%clk 01:20:08]} 15. cxd5 {[%clk 01:19:14]} exd5 {[%clk
01:20:08]} 16. e4 {[%clk 01:19:14]} dxe4 {[%clk 01:20:08]} 17. dxe4 {[%clk
01:19:14]} Nc5 {[%clk 01:20:08]} 18. Bxf6 {[%clk 01:19:14]} gxf6 {[%clk
01:20:08]} 19. Nh4 {[%clk 01:19:14]} Rad8 {[%clk 01:20:08]} 20. a4 {[%clk
01:19:14]} f5 {[%clk 01:20:08]} 21. e5 {[%clk 01:19:14]} Nd3 {[%clk 01:20:08]}
22. Re3 {[%clk 01:19:14]} Nxe5 {[%clk 01:20:08]} 23. Qh5 {[%clk 01:19:14]} Qg5
{[%clk 01:20:08]} 24. Qe2 {[%clk 01:19:14]} f4 {[%clk 01:20:08]} 25. Nf5 {[%clk
01:19:14]} Bxf5 {[%clk 01:20:08]} 26. gxf4 {[%clk 01:19:14]} Qe7 {[%clk
01:20:08]} 27. Rg3+ {[%clk 01:19:14]} Bg7 {[%clk 01:20:08]} 28. fxe5 {[%clk
01:19:14]} Qxe5 {[%clk 01:20:08]}  0-1

[Event "Storsjodraget 2022"]
[Site "Ostersund"]
[Date "2022.06.12"]
[Round "6"]
[Board "11"]
[White "Backsten, Jan"]
[Black "Sandstad, Linus"]
[Result "0-1"]
[WhiteElo "2016"]
[BlackElo "1642"]
[PlyCount "0"]
[EventDate "2022.06.10"]
[EventRounds "7"]
[EventCountry "SWE"]

1. e4 {[%clk 01:30:57]} {[%emt 00:00:03]} c5 {[%clk 01:25:02]} {[%emt
00:05:59]} 2. Nc3 {[%clk 01:31:18]} {[%emt 00:00:08]} Nc6 {[%clk 01:25:22]}
{[%emt 00:00:10]} 3. Bb5 {[%clk 01:31:39]} {[%emt 00:00:09]} Nd4 {[%clk
01:25:35]} {[%emt 00:00:18]} 4. Nf3 {[%clk 01:31:50]} {[%emt 00:00:17]} Nxb5
{[%clk 01:24:46]} {[%emt 00:01:19]} 5. Nxb5 {[%clk 01:32:10]} {[%emt 00:00:10]}
e6 {[%clk 01:23:04]} {[%emt 00:02:12]} 6. d4 {[%clk 01:30:43]} {[%emt
00:01:57]} a6 {[%clk 01:18:07]} {[%emt 00:05:29]} 7. Nc3 {[%clk 01:31:03]}
{[%emt 00:00:08]} b5 {[%clk 01:17:22]} {[%emt 00:01:15]} 8. O-O {[%clk
01:29:28]} {[%emt 00:02:04]} Bb7 {[%clk 01:17:15]} {[%emt 00:00:38]} 9. Re1
{[%clk 01:29:14]} {[%emt 00:00:43]} cxd4 {[%clk 01:14:32]} {[%emt 00:03:14]} 10.
Qxd4 {[%clk 01:29:04]} {[%emt 00:00:39]} Nf6 {[%clk 01:13:41]} {[%emt
00:01:22]} 11. Bf4 {[%clk 01:27:10]} {[%emt 00:02:21]} Be7 {[%clk 01:10:03]}
{[%emt 00:04:11]} 12. Rad1 {[%clk 01:26:45]} {[%emt 00:00:52]} O-O {[%clk
01:08:40]} {[%emt 00:01:56]} 13. Bd6 {[%clk 01:25:44]} {[%emt 00:01:31]} Rc8
{[%clk 01:05:20]} {[%emt 00:03:51]} 14. Ne5 {[%clk 01:17:58]} {[%emt 00:08:14]}
Bc6 {[%clk 00:56:51]} {[%emt 00:09:00]} 15. Re2 {[%clk 01:10:44]} {[%emt
00:07:43]} Bxd6 {[%clk 00:54:39]} {[%emt 00:02:43]} 16. Qxd6 {[%clk 01:11:02]}
{[%emt 00:00:12]} Qa5 {[%clk 00:54:50]} {[%emt 00:00:19]} 17. a3 {[%clk
01:09:32]} {[%emt 00:02:01]} Rfd8 {[%clk 00:51:46]} {[%emt 00:03:33]} 18. Rd3
{[%clk 01:05:13]} {[%emt 00:04:45]} Qc7 {[%clk 00:48:41]} {[%emt 00:03:39]} 19.
f3 {[%clk 00:56:32]} {[%emt 00:09:10]} Qxd6 {[%clk 00:47:25]} {[%emt 00:01:47]}
20. Rxd6 {[%clk 00:56:55]} {[%emt 00:00:07]} Kf8 {[%clk 00:47:08]} {[%emt
00:00:47]} 21. Red2 {[%clk 00:56:06]} {[%emt 00:01:19]} Ke7 {[%clk 00:45:38]}
{[%emt 00:02:00]} 22. g4 {[%clk 00:53:29]} {[%emt 00:03:06]} Ne8 {[%clk
00:42:47]} {[%emt 00:03:21]} 23. R6d4 {[%clk 00:50:24]} {[%emt 00:03:33]} f6
{[%clk 00:40:04]} {[%emt 00:03:16]} 24. Nxc6+ {[%clk 00:49:03]} {[%emt
00:01:51]} dxc6 {[%clk 00:39:31]} {[%emt 00:01:03]} 25. Kf2 {[%clk 00:48:18]}
{[%emt 00:01:14]} Nd6 {[%clk 00:38:32]} {[%emt 00:01:31]} 26. a4 {[%clk
00:37:50]} {[%emt 00:10:58]} Nc4 {[%clk 00:32:10]} {[%emt 00:06:51]} 27. Rxd8
{[%clk 00:37:03]} {[%emt 00:01:17]} Rxd8 {[%clk 00:32:39]} {[%emt 00:00:01]} 28.
Rxd8 {[%clk 00:37:15]} {[%emt 00:00:19]} Kxd8 {[%clk 00:33:07]} {[%emt
00:00:02]} 29. Nd1 {[%clk 00:35:34]} {[%emt 00:02:10]} bxa4 {[%clk 00:31:57]}
{[%emt 00:01:41]} 30. Ke2 {[%clk 00:34:02]} {[%emt 00:02:01]} Nxb2 {[%clk
00:32:02]} {[%emt 00:00:25]} 31. Nc3 {[%clk 00:33:45]} {[%emt 00:00:46]} a3
{[%clk 00:32:13]} {[%emt 00:00:20]} 32. Na2 {[%clk 00:30:51]} {[%emt 00:03:24]}
Kd7 {[%clk 00:31:52]} {[%emt 00:00:51]} 33. Ke3 {[%clk 00:27:34]} {[%emt
00:03:47]} g5 {[%clk 00:29:44]} {[%emt 00:02:37]} 34. f4 {[%clk 00:24:50]}
{[%emt 00:03:14]} e5 {[%clk 00:28:08]} {[%emt 00:02:07]} 35. fxg5 {[%clk
00:24:19]} {[%emt 00:01:01]} fxg5 {[%clk 00:28:37]} {[%emt 00:00:01]} 36. h3
{[%clk 00:22:15]} {[%emt 00:02:34]} Kd6 {[%clk 00:27:57]} {[%emt 00:01:11]} 37.
Kd2 {[%clk 00:21:52]} {[%emt 00:00:52]} Kc5 {[%clk 00:28:09]} {[%emt 00:00:18]}
38. Kd1 {[%emt 00:01:11]}  0-1

[Event "Storsjodraget 2022"]
[Site "Ostersund"]
[Date "2022.06.11"]
[Round "5"]
[Board "8"]
[White "Sandstad, Linus"]
[Black "Sundin, Emanuel"]
[Result "1/2-1/2"]
[WhiteElo "1642"]
[BlackElo "2138"]
[PlyCount "0"]
[EventDate "2022.06.10"]
[EventRounds "7"]
[EventCountry "SWE"]

1. e4 {[%clk 01:26:48]} {[%emt 00:04:11]} c5 {[%clk 01:30:36]} {[%emt
00:00:24]} 2. c3 {[%clk 01:27:09]} {[%emt 00:00:10]} d5 {[%clk 01:29:46]}
{[%emt 00:01:19]} 3. exd5 {[%clk 01:27:37]} {[%emt 00:00:03]} Qxd5 {[%clk
01:30:08]} {[%emt 00:00:08]} 4. d4 {[%clk 01:28:01]} {[%emt 00:00:06]} Nc6
{[%clk 01:28:24]} {[%emt 00:02:14]} 5. Nf3 {[%clk 01:28:23]} {[%emt 00:00:08]}
g6 {[%clk 01:28:12]} {[%emt 00:00:42]} 6. Be3 {[%clk 01:28:35]} {[%emt
00:00:18]} Bg7 {[%clk 01:27:47]} {[%emt 00:00:54]} 7. dxc5 {[%clk 01:28:27]}
{[%emt 00:00:38]} Qxd1+ {[%clk 01:28:09]} {[%emt 00:00:08]} 8. Kxd1 {[%clk
01:28:50]} {[%emt 00:00:08]} Nf6 {[%clk 01:27:13]} {[%emt 00:01:26]} 9. Nbd2
{[%clk 01:26:51]} {[%emt 00:02:28]} Nd5 {[%clk 01:24:02]} {[%emt 00:03:41]} 10.
Bc4 {[%clk 01:22:40]} {[%emt 00:04:41]} Nxe3+ {[%clk 01:23:11]} {[%emt
00:01:21]} 11. fxe3 {[%clk 01:23:08]} {[%emt 00:00:02]} Bd7 {[%clk 01:15:11]}
{[%emt 00:08:31]} 12. Rf1 {[%clk 01:20:53]} {[%emt 00:02:44]} Na5 {[%clk
01:09:30]} {[%emt 00:06:12]} 13. Bd5 {[%clk 01:16:47]} {[%emt 00:04:35]} e6
{[%clk 01:08:34]} {[%emt 00:01:26]} 14. Bb3 {[%clk 01:16:36]} {[%emt 00:00:41]}
Ke7 {[%clk 01:07:44]} {[%emt 00:01:21]} 15. Nd4 {[%clk 01:08:58]} {[%emt
00:08:07]} Rac8 {[%clk 01:02:45]} {[%emt 00:05:28]} 16. Bc2 {[%clk 01:07:57]}
{[%emt 00:01:31]} e5 {[%clk 00:44:00]} {[%emt 00:19:16]} 17. N4f3 {[%clk
01:01:21]} {[%emt 00:07:06]} Bb5 {[%clk 00:42:25]} {[%emt 00:02:06]} 18. Re1
{[%clk 00:51:14]} {[%emt 00:10:37]} Rhd8 {[%clk 00:40:25]} {[%emt 00:02:30]} 19.
Kc1 {[%clk 00:49:34]} {[%emt 00:02:10]} Rxc5 {[%clk 00:36:47]} {[%emt
00:04:07]} 20. a4 {[%clk 00:45:07]} {[%emt 00:04:57]} Bd3 {[%clk 00:27:22]}
{[%emt 00:09:55]} 21. Bxd3 {[%clk 00:42:58]} {[%emt 00:02:39]} Rxd3 {[%clk
00:27:49]} {[%emt 00:00:03]} 22. Kc2 {[%clk 00:42:33]} {[%emt 00:00:55]} Rcd5
{[%clk 00:27:06]} {[%emt 00:01:13]} 23. b4 {[%clk 00:39:23]} {[%emt 00:03:40]}
Nc6 {[%clk 00:27:02]} {[%emt 00:00:35]} 24. Nb3 {[%clk 00:38:47]} {[%emt
00:01:06]} b6 {[%clk 00:18:18]} {[%emt 00:09:13]} 25. Nc1 {[%clk 00:36:30]}
{[%emt 00:02:47]} e4 {[%clk 00:13:17]} {[%emt 00:05:31]} 26. Nxd3 {[%clk
00:32:11]} {[%emt 00:04:48]} exd3+ {[%clk 00:11:35]} {[%emt 00:02:14]} 27. Kb3
{[%clk 00:31:37]} {[%emt 00:01:04]} d2 {[%clk 00:10:50]} {[%emt 00:01:14]} 28.
Red1 {[%clk 00:30:59]} {[%emt 00:01:09]} Rd3 {[%clk 00:10:56]} {[%emt
00:00:23]} 29. Nd4 {[%clk 00:31:05]} {[%emt 00:00:23]} Kf8 {[%clk 00:06:49]}
{[%emt 00:04:38]} 30. Kc2 {[%clk 00:27:25]} {[%emt 00:04:10]} Ne5 {[%clk
00:06:58]} {[%emt 00:00:21]} 31. Rxd2 {[%clk 00:26:53]} {[%emt 00:01:03]} Rxe3
{[%clk 00:07:18]} {[%emt 00:00:09]} 32. Re2 {[%clk 00:26:55]} {[%emt 00:00:28]}
Nc4 {[%clk 00:07:01]} {[%emt 00:00:46]} 33. Rae1 {[%clk 00:24:20]} {[%emt
00:03:06]} Bxd4 {[%clk 00:06:27]} {[%emt 00:01:04]} 34. cxd4 {[%clk 00:24:32]}
{[%emt 00:00:18]} Na3+ {[%clk 00:06:47]} {[%emt 00:00:11]} 35. Kc1 {[%clk
00:22:35]} {[%emt 00:02:27]} Rb3 {[%clk 00:05:40]} {[%emt 00:01:36]} 36. Rb2
{[%clk 00:21:13]} {[%emt 00:01:52]} Rd3 {[%clk 00:05:19]} {[%emt 00:00:51]} 37.
Rd1 {[%clk 00:19:47]} {[%emt 00:01:56]} Re3 {[%clk 00:05:34]} {[%emt 00:00:15]}
38. Rf2 {[%clk 00:17:23]} {[%emt 00:02:54]} Nc4 {[%clk 00:04:54]} {[%emt
00:01:10]} 39. Rf3 {[%clk 00:16:52]} {[%emt 00:01:01]} Re2 {[%clk 00:04:47]}
{[%emt 00:00:37]} 40. Rc3 {[%clk 00:16:13]} {[%emt 00:01:09]} Ne3 {[%clk
00:04:31]} {[%emt 00:00:46]} 41. Rdd3 {[%clk 00:15:55]} {[%emt 00:00:48]} Nd5
{[%clk 00:04:40]} {[%emt 00:00:20]} 42. Rc4 {[%clk 00:13:17]} {[%emt 00:03:09]}
Rxg2 {[%clk 00:04:46]} {[%emt 00:00:24]} 43. Rd2 {[%clk 00:13:26]} {[%emt
00:00:21]} Rg1+ {[%clk 00:04:51]} {[%emt 00:00:25]} 44. Kb2 {[%clk 00:13:48]}
{[%emt 00:00:08]} f5 {[%clk 00:02:28]} {[%emt 00:02:53]} 45. a5 {[%clk
00:12:19]} {[%emt 00:02:00]} Re1 {[%clk 00:02:05]} {[%emt 00:00:52]} 46. a6
{[%clk 00:12:13]} {[%emt 00:00:36]} f4 {[%clk 00:01:56]} {[%emt 00:00:39]} 47.
Rc8+ {[%clk 00:09:29]} {[%emt 00:03:15]} Kf7 {[%clk 00:02:06]} {[%emt
00:00:19]} 48. Ra8 {[%clk 00:09:02]} {[%emt 00:00:57]} Re7 {[%clk 00:02:25]}
{[%emt 00:00:11]} 49. b5 {[%clk 00:07:32]} {[%emt 00:02:00]} g5 {[%clk
00:02:41]} {[%emt 00:00:14]} 50. Kc2 {[%clk 00:07:11]} {[%emt 00:00:51]} g4
{[%clk 00:02:46]} {[%emt 00:00:24]} 51. Rf2 {[%clk 00:06:22]} {[%emt 00:01:20]}
Kg6 {[%clk 00:02:01]} {[%emt 00:01:15]} 52. Rd8 {[%clk 00:05:48]} {[%emt
00:01:03]} Ne3+ {[%clk 00:01:12]} {[%emt 00:01:20]} 53. Kd3 {[%clk 00:05:46]}
{[%emt 00:00:32]} f3 {[%clk 00:01:16]} {[%emt 00:00:26]} 54. d5 {[%clk
00:05:47]} {[%emt 00:00:29]} Nd1 {[%clk 00:00:36]} {[%emt 00:01:11]} 55. Rf1
{[%clk 00:05:38]} {[%emt 00:00:39]} Nb2+ {[%clk 00:00:34]} {[%emt 00:00:31]} 56.
Kc2 {[%clk 00:05:05]} {[%emt 00:01:03]} Na4 {[%clk 00:00:37]} {[%emt 00:00:27]}
57. Rf2 {[%clk 00:02:07]} {[%emt 00:03:28]} Nc5 {[%clk 00:00:49]} {[%emt
00:00:18]} 58. d6 {[%clk 00:02:23]} {[%emt 00:00:14]} Rf7 {[%clk 00:00:54]}
{[%emt 00:00:24]} 59. Rc8 {[%clk 00:01:34]} {[%emt 00:01:20]} Ne4 {[%clk
00:00:38]} {[%emt 00:00:47]} 60. Rc7 {[%clk 00:00:35]} {[%emt 00:01:28]} Nxd6
{[%clk 00:00:34]} {[%emt 00:00:34]} 61. Rxf7 {[%clk 00:00:40]} {[%emt
00:00:24]} Kxf7 {[%clk 00:00:43]} {[%emt 00:00:22]} 62. Kd3 {[%clk 00:01:04]}
{[%emt 00:00:06]} Nxb5 {[%clk 00:00:48]} {[%emt 00:00:25]} 63. Ke4 {[%clk
00:00:41]} {[%emt 00:00:53]} Kg6 {[%clk 00:00:43]} {[%emt 00:00:36]} 64. Kf4
{[%clk 00:00:46]} {[%emt 00:00:24]} h5 {[%clk 00:00:48]} {[%emt 00:00:24]} 65.
Rd2 {[%clk 00:01:09]} {[%emt 00:00:08]} Nc3 {[%clk 00:00:34]} {[%emt 00:00:44]}
66. Ke3 {[%clk 00:00:54]} {[%emt 00:00:45]} Kf6 {[%clk 00:00:36]} {[%emt
00:00:27]} 67. Rd7 {[%clk 00:00:43]} {[%emt 00:00:42]} Nb5 {[%clk 00:00:53]}
{[%emt 00:00:13]} 68. Rh7 {[%clk 00:00:41]} {[%emt 00:00:31]} Kg6 {[%clk
00:01:02]} {[%emt 00:00:22]} 69. Rd7 {[%clk 00:01:09]} {[%emt 00:00:02]} Kf6
{[%clk 00:01:18]} {[%emt 00:00:14]}  1/2-1/2